[Event "EU Union-ch U15 12th"]
[Site "Mureck"]
[Date "2014.07.31"]
[Round "2"]
[White "Zunic, Gregor"]
[Black "Mican, Karmela"]
[Result "0-1"]
[WhiteElo "1587"]
[BlackElo "1668"]
[PlyCount "60"]
[EventDate "2014.07.30"]
[EventType "swiss"]
[EventRounds "9"]
[EventCountry "AUT"]
[SourceTitle "CBM 161 Extra"]
[Source "ChessBase"]
[SourceDate "2014.08.29"]
[SourceVersion "1"]
[SourceVersionDate "2014.08.29"]
[SourceQuality "1"]

1. e4 e5 2. Nc3 Nf6 3. Bc4 Bc5 4. d3 d6 5. h3 h6 6. f4 Nc6 7. f5 Nd4 8. Nf3 c6 9. Nxd4 Bxd4 10. Qf3 b5 11. Bb3 Bb7 12. Be3 Qa5 13. Bd2 Qb6 14. 0-0-0 a5 15. a4 Ke7 16. Rhe1 Nd7 17. Rf1 Raf8 18. g4 f6 19. Rde1 Nc5 20. axb5 cxb5 21. Nd5+ Bxd5 22. Bxd5 Na6 23. Re2 a4 24. Be6 b4 25. Bc4 a3 26. c3 axb2+ 27. Kc2 bxc3 28. Bxa6 cxd2 29. Bc4 b1Q+ 30. Rxb1 Qxb1+ 0-1